Hypervalent iodine in the structure of N-heterocycles: synthesis, structure, and application in organic synthesis; Chemistry of Heterocyclic Compounds; Vol. 56, iss. 7

Bibliographische Detailangaben
Parent link:Chemistry of Heterocyclic Compounds
Vol. 56, iss. 7.— 2020.— [P. 854-856]
Körperschaften: Национальный исследовательский Томский политехнический университет Исследовательская школа химических и биомедицинских технологий, Национальный исследовательский Томский политехнический университет Исследовательская школа химических и биомедицинских технологий Научно-исследовательский центр "Онкотераностика"
Weitere Verfasser: Vlasenko Yu. A. Yuliya Aleksandrovna, Yusubov M. S. Mekhman Suleiman-Ogly (Suleimanovich), Shafir A. Alexandr, Postnikov P. S. Pavel Sergeevich
Zusammenfassung:Title screen
The review is devoted to one of the most substantial trends in the chemistry of hypervalent iodine – synthesis, structure, and properties of heterocyclic and pseudoheterocyclic systems based on ?3- and ?5-iodanes. Among the variety of cyclic reagents based on hypervalent iodine, special attention has recently been paid to iodanes having close contact between I and N atoms. The review is addressing the synthetic approaches, structural features, and application of these reagents. The review includes more than 100 literature sources, mainly covering publications from 1990 to 2020 and key research from earlier years.
Режим доступа: по договору с организацией-держателем ресурса
Sprache:Englisch
Veröffentlicht: 2020
Schlagworte:
Online-Zugang:https://doi.org/10.1007/s10593-020-02742-0
Format: Elektronisch Buchkapitel
KOHA link:https://koha.lib.tpu.ru/cgi-bin/koha/opac-detail.pl?biblionumber=663203

MARC

LEADER 00000naa0a2200000 4500
001 663203
005 20250425111927.0
035 |a (RuTPU)RU\TPU\network\34372 
035 |a RU\TPU\network\20575 
090 |a 663203 
100 |a 20210129d2020 k||y0rusy50 ba 
101 0 |a eng 
135 |a drcn ---uucaa 
181 0 |a i  
182 0 |a b 
200 1 |a Hypervalent iodine in the structure of N-heterocycles: synthesis, structure, and application in organic synthesis  |f Yu. A. Vlasenko, M. S. Yusubov, A. Shafir, P. S. Postnikov 
203 |a Text  |c electronic 
300 |a Title screen 
320 |a [References: 67 tit.] 
330 |a The review is devoted to one of the most substantial trends in the chemistry of hypervalent iodine – synthesis, structure, and properties of heterocyclic and pseudoheterocyclic systems based on ?3- and ?5-iodanes. Among the variety of cyclic reagents based on hypervalent iodine, special attention has recently been paid to iodanes having close contact between I and N atoms. The review is addressing the synthetic approaches, structural features, and application of these reagents. The review includes more than 100 literature sources, mainly covering publications from 1990 to 2020 and key research from earlier years. 
333 |a Режим доступа: по договору с организацией-держателем ресурса 
461 |t Chemistry of Heterocyclic Compounds 
463 |t Vol. 56, iss. 7  |v [P. 854-856]  |d 2020 
610 1 |a электронный ресурс 
610 1 |a труды учёных ТПУ 
610 1 |a hypervalent iodine 
610 1 |a organoiodine compounds 
610 1 |a pseudoheterocyclic compounds 
610 1 |a nitrogen-iodine bond 
610 1 |a oxidation 
610 1 |a гипервалентный йод 
610 1 |a йодорганические соединения 
610 1 |a окисление 
701 1 |a Vlasenko  |b Yu. A.  |c chemist  |c engineer of Tomsk Polytechnic University  |f 1994-  |g Yuliya Aleksandrovna  |3 (RuTPU)RU\TPU\pers\43380  |9 21652 
701 1 |a Yusubov  |b M. S.  |c chemist  |c Professor of Tomsk Polytechnic University, Doctor of chemical sciences  |f 1961-  |g Mekhman Suleiman-Ogly (Suleimanovich)  |3 (RuTPU)RU\TPU\pers\31833  |9 15928 
701 1 |a Shafir  |b A.  |g Alexandr 
701 1 |a Postnikov  |b P. S.  |c organic chemist  |c Associate Professor of Tomsk Polytechnic University, Candidate of chemical sciences  |f 1984-  |g Pavel Sergeevich  |3 (RuTPU)RU\TPU\pers\31287  |9 15465 
712 0 2 |a Национальный исследовательский Томский политехнический университет  |b Исследовательская школа химических и биомедицинских технологий  |c (2017- )  |3 (RuTPU)RU\TPU\col\23537 
712 0 2 |a Национальный исследовательский Томский политехнический университет  |b Исследовательская школа химических и биомедицинских технологий  |b Научно-исследовательский центр "Онкотераностика"  |3 (RuTPU)RU\TPU\col\27561 
801 2 |a RU  |b 63413507  |c 20210129  |g RCR 
850 |a 63413507 
856 4 |u https://doi.org/10.1007/s10593-020-02742-0 
942 |c CF